Kosari. Trembita

Bibliographic Details
Main Author: Čendej, Ivan (Author)
Format: Article
Language:Slovak
Ukrainian
Subjects:

MARC

LEADER 00000nab a2200000 a 4500
001 vtls000631013
003 SK-MaSNL
005 20260304085709.0
008 250425c1997 xo 0 slo
015 |a SNBRB19rr/mm-uuuuu 
035 |a CL0631152 
035 |a urn:nbn:sk:snk-abbr08 
035 |a (urnnbn)urn:nbn:sk:snk:ar-0010ag 
035 |a (uuid)2d44b1d4-22a0-432a-9271-2f251250649b 
040 |a SNKBUCL  |b slo  |c SNKBUCL  |e AACR2 
041 0 |a ukr 
044 |a xo  |c SK 
080 |a 883-3=83  |2 1981 
100 1 |a Čendej, Ivan  |4 aut  |9 937483 
245 1 0 |a Kosari. Trembita  |c Ivan Čendej 
300 |b Fotogr. 1 
500 |a Pozn. o aut. 
650 0 7 |a poviedky psychologické  |2 snkbucl  |9 893883 
650 0 7 |a poviedky lyrické  |2 snkbucl  |9 893929 
650 0 7 |a poviedky spoločenské  |2 snkbucl  |9 318463 
655 7 |a články z novín a časopisov  |2 snkbucl  |9 267496 
773 0 |t Duklja  |g Roč. 45, č. 3 (1997), s. 10 
850 |a Slovenská národná knižnica 
852 |a Slovenská národná knižnica 
958 |a article15 
958 |a OND 
958 |a UA 
958 |a LX 
958 |a NX 
958 |a RK 
958 |a EUIPO 
992 |a RBX 
999 |c 2809021  |d 2810951